000 00636nab a2200205 4500
001 244442
003 OSt
005 20251027090836.0
007 tu
008 200917s2020|||||||
040 _aDE-2950
_cDE-2950
245 0 0 _aWeg für neue Eigenheime frei?
_bImmobilien Unklare Eigentumsverhältnisse bremsten kürzlich einen Bebauungsplan in Markendorf. Sind die Fragen ausgeräumt?/
_ctme
264 _c2025
653 _aFrankfurt (Oder)
653 _aBebauungsplan
653 _aMarkendorf
653 _aFuchsweg
773 0 _g36. Jahrgang (2025) Nr. 246 vom 22.10.2025, S. 15 mit Foto
_tMärkische Oderzeitung
942 _2z
_cA
999 _c374084
_d374084